[Event "Superettan(Farsta-Majorna)"]
[Site "?"]
[Date "2013.03.15"]
[Round "7"]
[White "Kruger, Jan"]
[Black "Wieweg, Johnny"]
[Result "0-1"]
[WhiteElo "1842"]
[BlackElo "2130"]
[PlyCount "74"]

1. f4 Nf6 2. Nf3 g6 3. e3 Bg7 4. Be2 O-O 5. O-O d6 6. d4 Nbd7 7. c4 c6 8. Nc3
Qc7 9. e4 e5 10. dxe5 dxe5 11. f5 gxf5 12. exf5 e4 13. Ng5 Qe5 14. Qc2 Re8 15.
Kh1 h6 16. Nh3 Nc5 17. Bf4 Qe7 18. Rad1 Rd8 19. Rxd8+ Qxd8 20. Qd2 Qxd2 21.
Bxd2 Bd7 22. Be3 Nd3 23. Nxe4 Nxb2 24. Nd6 b6 25. Nf4 Ne8 26. c5 Nxd6 27. cxd6
Re8 28. Bc1 Be5 29. Bf3 Bxd6 30. Nh5 Be5 31. Bxh6 c5 32. g4 Bb5 33. Re1 Nd3 34.
Re3 c4 35. Bd5 Bd4 36. Rxe8+ Bxe8 37. Bxc4 Bc6+ 0-1

[Event "Superettan(Farsta-Majorna)"]
[Site "?"]
[Date "2013.03.15"]
[Round "7"]
[White "Lissang, Christopher"]
[Black "Thornfalt, Thomas"]
[Result "1-0"]
[WhiteElo "2272"]
[BlackElo "1743"]
[PlyCount "55"]

1. d4 f5 2. g3 Nf6 3. Bg2 g6 4. Nf3 Bg7 5. O-O O-O 6. b3 c6 7. Bb2 d6 8. c4 Qe8
9. d5 e5 10. dxc6 e4 11. cxb7 Bxb7 12. Nd4 Ng4 13. Nc3 Nc6 14. Nxc6 Bxc6 15. h3
Nh6 16. Qd2 Nf7 17. f4 exf3 18. exf3 Bh6 19. f4 Bxg2 20. Kxg2 Qd7 21. Nd5 Bg7
22. Rae1 Rae8 23. Bxg7 Kxg7 24. Kh2 Re6 25. Qc3+ Kh6 26. g4 g5 27. Rxe6+ Qxe6
28. Re1 1-0

[Event "Superettan(Solna-Schack 08)"]
[Site "?"]
[Date "2013.03.15"]
[Round "7"]
[White "Laveryd, Peter"]
[Black "Bergstrom, Christer"]
[Result "1/2-1/2"]
[WhiteElo "2431"]
[BlackElo "2366"]
[PlyCount "44"]

1. e4 c5 2. c3 Nf6 3. e5 Nd5 4. d4 cxd4 5. Nf3 Nc6 6. Bc4 Nb6 7. Bb3 d6 8. exd6
e6 9. Nxd4 Nxd4 10. Qxd4 Qxd6 11. Be3 Bd7 12. Qg4 Nd5 13. O-O h5 14. Qe2 Nxe3
15. fxe3 Qe5 16. Nd2 Bc5 17. Rae1 Bc6 18. Nf3 Bxf3 19. Qxf3 O-O 20. Qxb7 Bd6
21. g3 h4 22. Qg2 hxg3 1/2-1/2

[Event "Superettan(Solna-Schack 08)"]
[Site "?"]
[Date "2013.03.15"]
[Round "7"]
[White "Lindberg, Bengt"]
[Black "Ingbrant, Johan"]
[Result "1-0"]
[WhiteElo "2448"]
[BlackElo "2437"]
[PlyCount "137"]

1. e4 d6 2. d4 Nf6 3. Nc3 e5 4. Nf3 Nbd7 5. Bc4 Be7 6. O-O O-O 7. Re1 c6 8. a4
a5 9. b3 Nb6 10. Bf1 Bg4 11. dxe5 Bxf3 12. Qxf3 dxe5 13. Nd1 Nfd7 14. Ne3 g6
15. g3 Bb4 16. Rd1 Qf6 17. Qe2 Qe7 18. h4 Nc5 19. Ng4 Ne6 20. Be3 Bc5 21. Nxe5
Rad8 22. Nf3 Bxe3 23. Qxe3 Qc5 24. Qxc5 Nxc5 25. e5 Nd5 26. Bc4 Nb6 27. Be2
Rde8 28. Re1 Re7 29. Bf1 Rfe8 30. Re2 Nd5 31. Rae1 Nc3 32. Rd2 Nd7 33. e6 fxe6
34. Bh3 Nf8 35. Ne5 Kg7 36. Nc4 Ra8 37. Nb6 Rae8 38. Rd6 Rc7 39. Re3 Nd5 40.
Nxd5 cxd5 41. Rxd5 exd5 42. Rxe8 Rxc2 43. Kf1 d4 44. Ke1 b5 45. axb5 Rb2 46.
Ra8 Rxb3 47. Rxa5 h6 48. Kd2 g5 49. h5 Kf6 50. Ra8 Ke7 51. Rb8 Rb2+ 52. Kd3
Rxf2 53. b6 Rf3+ 54. Kxd4 Rxg3 55. b7 Rb3 56. Bc8 Kd6 57. Ra8 Kc7 58. Ra6 Nd7
59. Rxh6 Nb8 60. Rg6 g4 61. Rxg4 Nc6+ 62. Kc5 Rc3+ 63. Kd5 Rd3+ 64. Ke6 Rd6+
65. Kf5 Ne7+ 66. Kg5 Ng8 67. Rf4 Kb8 68. Rf8 Rd5+ 69. Bf5+ 1-0

[Event "Superettan(Solna-Schack 08)"]
[Site "?"]
[Date "2013.03.15"]
[Round "7"]
[White "Renman, Nils-Gustaf"]
[Black "Jonsson, Mikael"]
[Result "1/2-1/2"]
[WhiteElo "2410"]
[BlackElo "2335"]
[PlyCount "155"]

1. d4 d5 2. Nf3 c5 3. c4 dxc4 4. e3 Nf6 5. Bxc4 e6 6. O-O a6 7. Qe2 Nc6 8. dxc5
Bxc5 9. a3 O-O 10. b4 Be7 11. Bb2 b5 12. Bd3 Qd5 13. e4 Qh5 14. Nbd2 Bb7 15.
Rfd1 Qh6 16. Rac1 Rfd8 17. Nb3 Nd7 18. e5 Rac8 19. Be4 Ba8 20. Rc2 Nb6 21.
Rxd8+ Bxd8 22. Na5 Nd5 23. Bxd5 exd5 24. Nb3 Qg6 25. Nc5 d4 26. Nd3 Bb7 27. Rc5
Bb6 28. Rd5 Re8 29. Qd1 h6 30. h3 Qe4 31. Rd7 Re7 32. Rd6 Bc7 33. Nc5 Qf5 34.
g4 Qf4 35. Nxb7 Nxe5 36. Nxe5 Qxe5 37. Qxd4 Bxd6 38. Nxd6 Qxd4 39. Bxd4 Re1+
40. Kg2 Rd1 41. Nf5 f6 42. Kf3 Rd3+ 43. Ke4 Rxa3 44. h4 a5 45. bxa5 Rxa5 46.
Kd5 Ra3 47. Kc5 Rb3 48. h5 Rb1 49. Be3 b4 50. Kc4 b3 51. Kc3 Kf7 52. Bf4 Kg8
53. Bg3 Kf7 54. Nd4 b2 55. Nf3 f5 56. gxf5 Kf6 57. Kc2 Rh1 58. Kxb2 Kxf5 59.
Nd4+ Kf6 60. Kc3 Rxh5 61. Kd3 Ra5 62. Ke4 g5 63. f4 gxf4 64. Bxf4 h5 65. Kf3
Ra4 66. Be3 Ke5 67. Kg3 Ra3 68. Kf3 h4 69. Nc6+ Kf5 70. Nd4+ Kf6 71. Kf4 h3 72.
Nf3 Kg6 73. Bg1 Ra1 74. Kg3 Kf5 75. Kxh3 Kf4 76. Kg2 Ra2+ 77. Bf2 Rxf2+ 78.
Kxf2 1/2-1/2

[Event "Superettan(Solna-Schack 08)"]
[Site "?"]
[Date "2013.03.15"]
[Round "7"]
[White "Karlsson, Tomas"]
[Black "Schutz, Ingemar"]
[Result "1-0"]
[WhiteElo "2289"]
[BlackElo "2235"]
[PlyCount "91"]

1. e4 e5 2. Nf3 Nc6 3. Bb5 f5 4. Nc3 Nd4 5. Bc4 c6 6. Bxg8 Rxg8 7. O-O fxe4 8.
Nxd4 exd4 9. Nxe4 d5 10. Qh5+ Kd7 11. Ng3 Kc7 12. Qf7+ Be7 13. Re1 Re8 14. d3
Bd7 15. Bf4+ Kb6 16. Qxg7 Bf6 17. Rxe8 Bxg7 18. Rxd8 Rxd8 19. Re1 Bf8 20. h3 a5
21. Be5 c5 22. f4 Kc6 23. Nh5 b5 24. g4 a4 25. Nf6 h6 26. Nxd7 Rxd7 27. h4 a3
28. b3 Bd6 29. Bxd6 Kxd6 30. Kf2 Rf7 31. Kf3 c4 32. g5 h5 33. Kg3 Kc5 34. g6
Rg7 35. f5 Kb4 36. Kf4 Kc3 37. Kg5 Kxc2 38. f6 Rc7 39. f7 cxd3 40. f8=Q d2 41.
Re2 Rc3 42. Qf4 Rd3 43. g7 Kc3 44. g8=Q d1=Q 45. Qc8+ Kb4 46. Qd6+ 1-0

[Event "Superettan(Solna-Schack 08)"]
[Site "?"]
[Date "2013.03.15"]
[Round "7"]
[White "Ottenklev, Niclas"]
[Black "Landgren, Andreas"]
[Result "1-0"]
[WhiteElo "2201"]
[BlackElo "2273"]
[PlyCount "63"]

1. e4 c5 2. Nf3 d6 3. d4 cxd4 4. Qxd4 Nc6 5. Bb5 Bd7 6. Bxc6 Bxc6 7. Nc3 Nf6 8.
Bg5 e6 9. O-O-O Be7 10. Qd3 O-O 11. h4 a6 12. Nd4 Rc8 13. f4 Qa5 14. f5 Bd7 15.
e5 Qxe5 16. Rhe1 Qa5 17. fxe6 fxe6 18. Nxe6 Rf7 19. Kb1 h6 20. Bd2 Bxe6 21.
Rxe6 Qh5 22. Rde1 Bf8 23. g3 Nd7 24. Qe2 Qc5 25. Bf4 d5 26. Qd3 Nf6 27. Be5 Ng4
28. Qxd5 Qf2 29. Bf4 Bb4 30. Re8+ Rxe8 31. Rxe8+ Bf8 32. Rxf8+ 1-0

[Event "Superettan(Solna-Schack 08)"]
[Site "?"]
[Date "2013.03.15"]
[Round "7"]
[White "Steneskog, Per"]
[Black "Faldt, Magnus"]
[Result "1-0"]
[WhiteElo "2240"]
[BlackElo "2211"]
[PlyCount "86"]

1. d4 d5 2. c4 c6 3. Nc3 Nf6 4. Nf3 dxc4 5. e4 b5 6. e5 Nd5 7. a4 e6 8. axb5
Nxc3 9. bxc3 cxb5 10. Ng5 Bb7 11. Qh5 g6 12. Qg4 h6 13. Ne4 Bxe4 14. Qxe4 Qd5
15. Qf4 a5 16. Be2 Ra6 17. O-O Be7 18. Rd1 Bg5 19. Qg3 Bxc1 20. Raxc1 Qd8 21.
d5 Qg5 22. dxe6 Rxe6 23. Bg4 Ra6 24. e6 O-O 25. exf7+ Kxf7 26. h4 Qc5 27. Re1
Rf6 28. Re5 Qb6 29. h5 g5 30. Rce1 Kg8 31. Bf3 Kh8 32. Re8 b4 33. Qe5 Nd7 34.
Qe4 b3 35. Re7 R8f7 36. Rxf7 Rxf7 37. Qxc4 Kg7 38. Re6 Ne5 39. Qd5 Nxf3+ 40.
gxf3 Qb7 41. Qe5+ Kg8 42. Re8+ Rf8 43. Rxf8+ Kxf8 1-0

[Event "Superettan(Solna-Schack 08)"]
[Site "?"]
[Date "2013.03.15"]
[Round "7"]
[White "Bjarnehag, Peter"]
[Black "Arvidsson, Tomas"]
[Result "1-0"]
[WhiteElo "2228"]
[BlackElo "2011"]
[PlyCount "119"]

1. Nf3 Nf6 2. c4 g6 3. d4 Bg7 4. g3 O-O 5. Bg2 d6 6. Nc3 Nc6 7. O-O Bg4 8. h3
Bxf3 9. Bxf3 Nd7 10. Be3 e5 11. Bxc6 bxc6 12. Qd2 f5 13. Rad1 f4 14. gxf4 Qh4
15. dxe5 Qxh3 16. Ne4 Nxe5 17. fxe5 Bxe5 18. f4 Qg4+ 19. Kf2 Bxf4 20. Ke1 Qh4+
21. Nf2 Bxe3 22. Qxe3 Qxc4 23. Qb3 Qxb3 24. axb3 Rfb8 25. Rd3 Rb4 26. Rc3 c5
27. Nd3 Re4 28. Rf4 Rxf4 29. Nxf4 Rb8 30. Nd5 Rb7 31. Re3 h5 32. Kd2 Kg7 33.
Re7+ Kh6 34. Kc3 h4 35. Re6 h3 36. Re3 c6 37. Rxh3+ Kg5 38. Ne3 d5 39. Nf1 Rb4
40. Rh7 d4+ 41. Kc2 c4 42. bxc4 Rxc4+ 43. Kd3 Rb4 44. Rxa7 Rxb2 45. Rc7 Rb6 46.
Kxd4 Rb1 47. Nd2 Rd1 48. Kd3 Rc1 49. Nc4 Kf4 50. Rxc6 g5 51. Rf6+ Kg3 52. e4
Rd1+ 53. Ke2 Rd4 54. Nd2 g4 55. e5 Ra4 56. e6 Ra5 57. Ne4+ Kg2 58. Ke3 Ra8 59.
Rg6 Ra3+ 60. Kf4 1-0

[Event "Superettan(Stockholms SS-Orebro)"]
[Site "?"]
[Date "2013.03.15"]
[Round "7"]
[White "Nygren, Kim"]
[Black "Bergstrom, Rolf"]
[Result "1/2-1/2"]
[WhiteElo "2302"]
[BlackElo "2319"]
[PlyCount "201"]

1. d4 d6 2. c4 e5 3. d5 Nf6 4. Nc3 Bf5 5. h3 h6 6. g4 Bh7 7. Bg2 Nbd7 8. Nf3
Ne4 9. Nxe4 Bxe4 10. O-O Be7 11. Ne1 Bxg2 12. Nxg2 h5 13. e4 hxg4 14. hxg4 Bg5
15. Qf3 Bxc1 16. Raxc1 Qg5 17. Qg3 g6 18. Rc3 Kf8 19. f4 exf4 20. Nxf4 Kg7 21.
Nh3 Qe7 22. Qf2 Rh4 23. Qg2 Rah8 24. Rf4 Ne5 25. b3 b6 26. Rg3 a5 27. Kf1 Qd7
28. Kg1 a4 29. Kh2 Qe8 30. Kg1 axb3 31. axb3 Qa8 32. Rf1 Qa5 33. Qf2 Qc5 34.
Qxc5 bxc5 35. Nf2 Ra8 36. Kg2 Ra2 37. Kg1 Ra3 38. Rc1 g5 39. Rcc3 Ra2 40. Rc1
Kh6 41. Rf1 Ra3 42. Kg2 Ra2 43. Kg1 Kg6 44. Rb1 Rh8 45. Nd1 Rha8 46. Nc3 Rd2
47. Rf1 Rh8 48. Rf2 Rxf2 49. Kxf2 Rh2+ 50. Ke1 Rh4 51. Nb5 Nxg4 52. Nxc7 Nf6
53. e5 Re4+ 54. Kd1 Rxe5 55. Nb5 Ne4 56. Re3 Kf6 57. Rf3+ Ke7 58. Na7 Kf8 59.
Nc6 Re8 60. b4 g4 61. Rf1 cxb4 62. Nxb4 Rb8 63. Nd3 Rb1+ 64. Nc1 Rb4 65. Kc2
Rxc4+ 66. Kd3 Ra4 67. Rf4 Nc5+ 68. Ke3 Ra1 69. Ne2 Ra3+ 70. Kd2 g3 71. Rg4 Rd3+
72. Ke1 Rxd5 73. Nxg3 Re5+ 74. Kf1 Ke7 75. Rg8 Ne6 76. Ra8 d5 77. Ne2 Rg5 78.
Ra7+ Kf6 79. Nc3 Rf5+ 80. Ke2 d4 81. Ne4+ Ke5 82. Ng3 Rf4 83. Ra5+ Kd6 84. Nf5+
Kc6 85. Ne7+ Kd7 86. Nd5 Rh4 87. Nb4 Ke7 88. Ra7+ Kf6 89. Rd7 Rh2+ 90. Kf3 Rh3+
91. Kg4 Rb3 92. Nc2 d3 93. Ne3 Rb4+ 94. Kf3 Ng5+ 95. Kf2 Rb2+ 96. Kf1 Rb3 97.
Nc4 Ne4 98. Rd4 Rb1+ 99. Kg2 d2 100. Nxd2 Rb2 101. Rxe4 1/2-1/2

[Event "Superettan(Stockholms SS-Orebro)"]
[Site "?"]
[Date "2013.03.15"]
[Round "7"]
[White "Hammar, Bengt"]
[Black "Zetterberg, Staffan"]
[Result "1/2-1/2"]
[WhiteElo "2262"]
[BlackElo "2300"]
[PlyCount "40"]

1. e4 Nf6 2. e5 Nd5 3. d4 d6 4. Nf3 Bg4 5. Be2 e6 6. h3 Bh5 7. c4 Nb6 8. exd6
cxd6 9. Nc3 Be7 10. O-O O-O 11. Bf4 d5 12. c5 Bxf3 13. Bxf3 Nc4 14. b3 Na5 15.
Qd2 Nbc6 16. Rac1 b6 17. Na4 bxc5 18. Nxc5 Rc8 19. Rfd1 Bf6 20. Be3 Qe7 1/2-1/2

[Event "Superettan(Stockholms SS-Orebro)"]
[Site "?"]
[Date "2013.03.15"]
[Round "7"]
[White "Drugge, Patrick"]
[Black "Couso, Luis"]
[Result "0-1"]
[WhiteElo "2254"]
[BlackElo "2296"]
[PlyCount "68"]

1. e4 e6 2. d4 d5 3. exd5 exd5 4. Nf3 Nc6 5. Nc3 Bb4 6. Bb5 Nge7 7. Bf4 Bxc3+
8. bxc3 O-O 9. O-O a6 10. Bd3 Bf5 11. Bxf5 Nxf5 12. Qd3 Nd6 13. Ng5 g6 14. Qh3
h5 15. g4 Qf6 16. Bxd6 cxd6 17. f4 Kg7 18. Rab1 b5 19. gxh5 Rh8 20. Qf3 Rxh5
21. Qxd5 Rc8 22. Qf3 Ne7 23. Ne4 Qh4 24. Qg3 Nf5 25. Qxh4 Rxh4 26. Rbe1 Rg4+
27. Kh1 Rh8 28. Rf3 Rhh4 29. Nf2 Rxf4 30. Rxf4 Rxf4 31. Nd3 Rf3 32. a4 bxa4 33.
Kg2 Nh4+ 34. Kg1 Rxd3 0-1

[Event "Superettan(Stockholms SS-Orebro)"]
[Site "?"]
[Date "2013.03.15"]
[Round "7"]
[White "Henriksson, Johan"]
[Black "Lind, Jan-Olov"]
[Result "1-0"]
[WhiteElo "2277"]
[BlackElo "2267"]
[PlyCount "81"]

1. d4 Nf6 2. g3 g6 3. Bg2 Bg7 4. e4 d6 5. Ne2 O-O 6. O-O Nbd7 7. b3 c5 8. Bb2
cxd4 9. Nxd4 Nc5 10. Re1 Bd7 11. c4 Ng4 12. Nc3 Ne5 13. Bf1 Ned3 14. Bxd3 Bxd4
15. Bf1 Bg7 16. Qd2 Bc6 17. b4 Ne6 18. Nd5 Bxb2 19. Qxb2 Ng5 20. Bg2 Bxd5 21.
exd5 h5 22. c5 Nh7 23. Re3 Nf6 24. Rae1 Re8 25. Qd4 a5 26. a3 axb4 27. axb4 Ng4
28. R3e2 Nf6 29. h3 Kf8 30. g4 Kg8 31. g5 Nh7 32. h4 Ra4 33. cxd6 Qxd6 34. Qc5
Qd8 35. d6 e6 36. Bxb7 Qb8 37. Bc6 Rc8 38. d7 Rxc6 39. Qxc6 Ra8 40. Rd1 Qd8 41.
Qxa8 1-0

[Event "Superettan(Stockholms SS-Orebro)"]
[Site "?"]
[Date "2013.03.15"]
[Round "7"]
[White "Jonsson, Krister"]
[Black "Carlsten, Peter"]
[Result "1/2-1/2"]
[WhiteElo "2168"]
[BlackElo "2059"]
[PlyCount "68"]

1. d4 d5 2. c4 e6 3. Nf3 c6 4. Qc2 f5 5. g3 Nf6 6. Bg2 Bd6 7. O-O O-O 8. b3 Qe7
9. Nc3 Nbd7 10. Bf4 Bxf4 11. gxf4 Ne4 12. e3 Ndf6 13. Ne5 Bd7 14. f3 Nxc3 15.
Qxc3 Rfd8 16. Rac1 Be8 17. Rf2 Rac8 18. Bf1 b6 19. c5 Qb7 20. b4 b5 21. a4 a6
22. Ra1 Nd7 23. axb5 axb5 24. Rfa2 Nxe5 25. fxe5 Ra8 26. Ra5 Rxa5 27. Rxa5 Ra8
28. Qa3 Rxa5 29. Qxa5 Qe7 30. Qa8 Qg5+ 31. Kf2 Qh4+ 32. Kg2 Qg5+ 33. Kf2 Qh4+
34. Kg2 Qg5+ 1/2-1/2

[Event "Superettan(Stockholms SS-Orebro)"]
[Site "?"]
[Date "2013.03.15"]
[Round "7"]
[White "Nilsson, Mats E"]
[Black "Blomstrom, Lars"]
[Result "1/2-1/2"]
[WhiteElo "2093"]
[BlackElo "2230"]
[PlyCount "137"]
[EventDate "2013.??.??"]

1. d4 Nf6 2. c4 g6 3. Nc3 Bg7 4. e4 d6 5. Be2 O-O 6. Nf3 Nbd7 7. O-O e5 8. d5
Nc5 9. Qc2 a5 10. Bg5 h6 11. Be3 Nfd7 12. Nd2 f5 13. f3 f4 14. Bf2 h5 15. b3
Nf6 16. a3 b6 17. b4 Ncd7 18. Na4 Ne8 19. c5 bxc5 20. bxc5 Ndf6 21. cxd6 cxd6
22. Nb6 Rb8 23. Nxc8 Rxc8 24. Qa4 g5 25. Nc4 Rf7 26. Qxa5 Qe7 27. Qa6 Rb8 28.
Rab1 Rxb1 29. Rxb1 g4 30. Qc8 Kh8 31. Rb8 Bf8 32. Qd8 g3 33. hxg3 fxg3 34. Bxg3
Qa7+ 35. Qb6 Qa4 36. Qb3 Qa7+ 37. Qb6 Qa4 38. Qb3 Qa7+ 39. Bf2 Qd7 40. Qb5 Qe7
41. Bh4 Kh7 42. Na5 Bh6 43. Rb7 Qf8 44. Rxf7+ Qxf7 45. Nc4 Bc1 46. Qc6 Bxa3 47.
Nxa3 Qa7+ 48. Kh2 Qxa3 49. Bb5 Qe3 50. Qc8 Ng7 51. Qh3 Ng8 52. Bd7 Nh6 53. Qg3
Ng8 54. Bg5 Qb3 55. Bh4 Qb8 56. Qg5 Qf8 57. Bf5+ Nxf5 58. exf5 Qf7 59. f6 Qg6
60. Qe3 Nxf6 61. Bxf6 Qxf6 62. Qe4+ Kh6 63. g3 Qg5 64. Kh3 Qd2 65. f4 exf4 66.
Qe6+ Kg7 67. Qe7+ Kg8 68. Qe8+ Kg7 69. Qe7+ 1/2-1/2

[Event "Superettan(Stockholms SS-Orebro)"]
[Site "?"]
[Date "2013.03.15"]
[Round "7"]
[White "Sundelius, Per"]
[Black "Asberg, Anders"]
[Result "1-0"]
[WhiteElo "2012"]
[BlackElo "2023"]
[PlyCount "99"]

1. e4 c5 2. Nf3 Nc6 3. Bb5 g6 4. O-O Bg7 5. c3 d5 6. d3 dxe4 7. dxe4 Bd7 8. a4
a6 9. Bd3 Qc7 10. Qe2 Bg4 11. h3 h5 12. Qe3 Bxf3 13. Qxf3 Ne5 14. Qe2 Nxd3 15.
Qxd3 c4 16. Qe2 Nf6 17. Nd2 Rc8 18. a5 Qc5 19. Ra4 O-O 20. Qxc4 Qd6 21. Qe2 Nd7
22. Nc4 Qc6 23. Rb4 Nc5 24. f3 Rfd8 25. Nb6 Rb8 26. Rd1 Be5 27. Be3 Ne6 28. Nd5
Bd6 29. Rb6 Qa4 30. b4 Nc7 31. Rxd6 Rxd6 32. Nxe7+ Kf8 33. Rxd6 Kxe7 34. Bc5
Ne6 35. Rd5+ Ke8 36. Qe3 Rd8 37. Kh2 Qc6 38. Rxd8+ Kxd8 39. Bb6+ Ke7 40. Qd2
Qb5 41. Qd5 Qe2 42. Qxb7+ Kf6 43. Bd4+ Nxd4 44. cxd4 h4 45. Qc6+ Kg7 46. Qd6
Qf2 47. d5 f5 48. Qe5+ Kh6 49. exf5 gxf5 50. Qf6+ 1-0

[Event "Superettan(Stockholms SS-Orebro)"]
[Site "?"]
[Date "2013.03.15"]
[Round "7"]
[White "Blazekovic, Nina"]
[Black "Larsson, Patrik"]
[Result "0-1"]
[WhiteElo "1803"]
[BlackElo "1991"]
[PlyCount "64"]

1. e4 d6 2. d4 Nf6 3. Nc3 c6 4. f4 Qa5 5. Bd3 e5 6. Nf3 Bg4 7. Be3 Nbd7 8. O-O
Be7 9. h3 Bxf3 10. Qxf3 O-O 11. Rad1 Rad8 12. a3 b5 13. dxe5 dxe5 14. Ne2 Qc7
15. b4 a6 16. Ng3 exf4 17. Bxf4 Ne5 18. Qe2 c5 19. c3 Ne8 20. Nf5 Bf6 21. Ne3
c4 22. Bc2 Rxd1 23. Rxd1 Qa7 24. Kh1 Ng6 25. Qg4 Bxc3 26. Rd7 Qb6 27. Bb1 Nf6
28. Rd6 Qxd6 29. Bxd6 Nxg4 30. Bxf8 Nxe3 31. Bc5 Bd2 32. Kg1 c3 0-1

[Event "Superettan(Sollentuna-Kamraterna)"]
[Site "?"]
[Date "2013.03.15"]
[Round "7"]
[White "Svensson, Bengt"]
[Black "Kassani, Sam"]
[Result "1/2-1/2"]
[WhiteElo "2456"]
[BlackElo "2262"]
[PlyCount "54"]
[SourceDate "2013.04.07"]

1. e4 c6 2. d4 d5 3. exd5 cxd5 4. c4 Nf6 5. Nc3 Nc6 6. Nf3 Bg4 7. cxd5 Nxd5 8.
Qb3 Bxf3 9. gxf3 e6 10. Qxb7 Nxd4 11. Bb5+ Nxb5 12. Qc6+ Ke7 13. Qxb5 Qd7 14.
Nxd5+ Qxd5 15. Bg5+ f6 16. Qxd5 exd5 17. Be3 Ke6 18. O-O-O Bb4 19. Kb1 Rhd8 20.
Rd3 Rd7 21. Rc1 Rb8 22. Rc6+ Kf5 23. Ra6 Rbb7 24. a3 Be7 25. Ra5 Ke6 26. Ra6+
Kf5 27. Ra5 Ke6 1/2-1/2

[Event "Superettan(Sollentuna-Kamraterna)"]
[Site "?"]
[Date "2013.03.15"]
[Round "7"]
[White "Vaarala, Eric"]
[Black "Aberg, Anton"]
[Result "1/2-1/2"]
[WhiteElo "2340"]
[BlackElo "2420"]
[PlyCount "96"]

1. d4 d5 2. c4 c6 3. Nf3 Nf6 4. e3 a6 5. b3 Bg4 6. Nbd2 e6 7. Bd3 c5 8. Bb2 Nc6
9. O-O cxd4 10. exd4 Be7 11. c5 O-O 12. a3 b6 13. Qc2 bxc5 14. dxc5 Nd7 15. b4
Bf6 16. Bxh7+ Kh8 17. Bd3 Bxb2 18. Qxb2 e5 19. Be2 e4 20. Nd4 Bxe2 21. Nxe2
Nde5 22. Nd4 Qf6 23. N2b3 a5 24. Qe2 axb4 25. Nxc6 Nxc6 26. axb4 Nxb4 27. Rxa8
Rxa8 28. f3 Ra2 29. Qb5 Nc6 30. Qb7 Kh7 31. Qc8 e3 32. Qh3+ Kg8 33. Qc8+ Kh7
34. Qh3+ Kg8 35. Qc8+ Nd8 36. c6 e2 37. Re1 Rc2 38. c7 Qb6+ 39. Kh1 Qxc7 40.
Qxc7 Rxc7 41. Rxe2 Ne6 42. Kg1 Rb7 43. Nc1 Rb1 44. Re1 g5 45. Nd3 Rb3 46. Ne5
Rb2 47. Rd1 Nf4 48. Nd3 Nxd3 1/2-1/2

[Event "Superettan(Sollentuna-Kamraterna)"]
[Site "?"]
[Date "2013.03.15"]
[Round "7"]
[White "Hamark, Jesper"]
[Black "Poley, Vladimir"]
[Result "0-1"]
[WhiteElo "2385"]
[BlackElo "2440"]
[PlyCount "174"]

1. c4 e5 2. g3 Nf6 3. Bg2 c6 4. d4 exd4 5. Qxd4 Na6 6. Nf3 Bc5 7. Qe5+ Be7 8.
O-O d6 9. Qd4 O-O 10. Nc3 Nb4 11. Qd1 Be6 12. b3 d5 13. Nd4 dxc4 14. Nxe6 Qxd1
15. Nxd1 fxe6 16. bxc4 Nd7 17. Bd2 Nb6 18. Ne3 Rad8 19. Rfd1 Bc5 20. Bh3 Kf7
21. Bxb4 Bxb4 22. Rd3 Rxd3 23. exd3 Rd8 24. Rb1 Bc5 25. Rb3 a5 26. Bf1 Ke7 27.
Kg2 Kd6 28. Kf3 Kc7 29. Ke2 Nd7 30. Bh3 Bd4 31. Rb1 Nc5 32. Rd1 a4 33. Nc2 Bb2
34. a3 e5 35. Bf1 Nb3 36. Rb1 Bc3 37. Bg2 b5 38. cxb5 cxb5 39. Be4 h6 40. Ne3
Bd4 41. f4 exf4 42. gxf4 Bc5 43. Nc2 Kb6 44. Rf1 Rc8 45. d4 Nxd4+ 46. Nxd4 Bxd4
47. Rb1 Re8 48. Kd3 Bc5 49. Ra1 Rd8+ 50. Kc2 Rd4 51. Bd3 Rxf4 52. Rb1 b4 53.
axb4 Bxb4 54. Bg6 Kc5 55. Kd3 Rd4+ 56. Ke3 Bd2+ 57. Ke2 Bf4 58. h4 a3 59. Bf7
Rd2+ 60. Ke1 Rh2 61. Rb7 a2 62. Bxa2 Rxa2 63. Rxg7 Kd4 64. Re7 Bg3+ 65. Kf1
Bxh4 66. Re6 Bg5 67. Kg1 Bf4 68. Kf1 h5 69. Re2 Ra3 70. Kg2 h4 71. Re1 h3+ 72.
Kh1 Bg3 73. Rd1+ Ke4 74. Rb1 Kf3 75. Rf1+ Kg4 76. Rb1 Ra2 77. Rb4+ Bf4 78. Rb1
Rf2 79. Rd1 Kf3 80. Rb1 Be3 81. Rg1 Bf4 82. Rb1 Rh2+ 83. Kg1 Rc2 84. Kh1 Be3
85. Rf1+ Bf2 86. Rb1 Kg3 87. Rf1 Rd2 0-1

[Event "Superettan(Sollentuna-Kamraterna)"]
[Site "?"]
[Date "2013.03.15"]
[Round "7"]
[White "Walinder, Lars"]
[Black "Akbarinia, Arash"]
[Result "1/2-1/2"]
[WhiteElo "2197"]
[BlackElo "2352"]
[PlyCount "135"]

1. c4 e6 2. g3 d5 3. Nf3 Nf6 4. Bg2 Be7 5. O-O O-O 6. b3 a5 7. Bb2 a4 8. d4 Ne4
9. c5 axb3 10. axb3 Rxa1 11. Bxa1 b6 12. cxb6 cxb6 13. Nc3 Nxc3 14. Bxc3 Ba6
15. Qd2 Nc6 16. Ra1 Bb5 17. Ne1 h6 18. Nd3 Qc7 19. h4 Rc8 20. Nf4 Bd6 21. Nd3
Qe7 22. e3 Qc7 23. Kh2 Ne7 24. Bb4 Bxd3 25. Bxd6 Qxd6 26. Qxd3 Nf5 27. Kg1 Qb4
28. Bxd5 Rc3 29. Qe4 Qf8 30. Ra8 Rc8 31. Rxc8 Qxc8 32. Bc6 Ne7 33. Bb5 Nd5 34.
Bc4 Nf6 35. Qf4 Qd8 36. Qf3 g5 37. hxg5 hxg5 38. Qc6 Kg7 39. Qb5 Nd7 40. Qc6
Nf6 41. Qb5 Nd7 42. e4 Nf8 43. d5 exd5 44. Qxd5 Qf6 45. e5 Qe7 46. Qd4 Qc7 47.
e6+ f6 48. Qe4 Qe7 49. b4 Ng6 50. Bb3 Ne5 51. f4 gxf4 52. gxf4 Ng6 53. Bc4 Nf8
54. Qg2+ Kh8 55. Qh2+ Kg7 56. Qg2+ Kh8 57. Qh3+ Kg7 58. Qg4+ Kh8 59. Qh3+ Kg7
60. Qg3+ Kh8 61. Qh4+ Kg7 62. Qg4+ Kh8 63. f5 Nh7 64. Qg6 Qxb4 65. Qe8+ Kg7 66.
Qf7+ Kh8 67. Qe8+ Kg7 68. Qg6+ 1/2-1/2

[Event "Superettan(Sollentuna-Kamraterna)"]
[Site "?"]
[Date "2013.03.15"]
[Round "7"]
[White "Mohammadi, Amir"]
[Black "Jansson Owen, Anders"]
[Result "1-0"]
[WhiteElo "2293"]
[BlackElo "2196"]
[PlyCount "63"]

1. e4 c5 2. Nc3 Nc6 3. g3 g6 4. Bg2 Bg7 5. d3 d6 6. Be3 Nf6 7. h3 Rb8 8. f4 O-O
9. Nf3 b5 10. O-O b4 11. Ne2 a5 12. Qe1 a4 13. Rd1 Ne8 14. b3 Nc7 15. g4 Nb5
16. Qf2 Ra8 17. e5 axb3 18. axb3 Ra2 19. Rd2 Bb7 20. c4 Rxd2 21. Nxd2 Nc7 22.
exd6 exd6 23. d4 Re8 24. d5 Nb8 25. Ne4 Qe7 26. f5 Nd7 27. N2g3 Be5 28. Kh1 Bc8
29. Bf4 f6 30. g5 Rf8 31. Bxe5 fxe5 32. f6 1-0

[Event "Superettan(Sollentuna-Kamraterna)"]
[Site "?"]
[Date "2013.03.15"]
[Round "7"]
[White "Bostrom, Gabriel"]
[Black "Haggstrom, Olle"]
[Result "1/2-1/2"]
[WhiteElo "2113"]
[BlackElo "2219"]
[PlyCount "46"]

1. e4 d6 2. d4 Nf6 3. Nc3 e5 4. Nf3 Nbd7 5. Bc4 Be7 6. O-O O-O 7. Qe2 c6 8. a4
Qc7 9. Be3 Ng4 10. Bd2 exd4 11. Nxd4 Nc5 12. Bf4 Bf6 13. Rad1 Ne5 14. Ba2 Ne6
15. Nxe6 Bxe6 16. Bxe6 fxe6 17. Bg3 Rad8 18. Rfe1 Nf7 19. Qc4 Qc8 20. f4 d5 21.
Qb4 c5 22. Qa3 Bd4+ 23. Kh1 Bxc3 1/2-1/2

[Event "Superettan(Sollentuna-Kamraterna)"]
[Site "?"]
[Date "2013.03.15"]
[Round "7"]
[White "Martensson, Ulf"]
[Black "Jakenberg, Jussi"]
[Result "1/2-1/2"]
[WhiteElo "2120"]
[BlackElo "2059"]
[PlyCount "26"]

1. Nf3 d6 2. d4 g6 3. g3 Bg7 4. Bg2 Nd7 5. O-O e5 6. dxe5 dxe5 7. e4 Ne7 8. b3
O-O 9. Bb2 b6 10. Re1 Re8 11. Nbd2 Bb7 12. Nc4 f6 13. Nfd2 Nc6 1/2-1/2

[Event "Superettan(Sollentuna-Kamraterna)"]
[Site "?"]
[Date "2013.03.15"]
[Round "7"]
[White "Duenas, Alexis"]
[Black "Borvander, Tom"]
[Result "0-1"]
[WhiteElo "1891"]
[BlackElo "2207"]
[PlyCount "91"]

1. d4 Nf6 2. c4 g6 3. Nc3 Bg7 4. e4 d6 5. f4 O-O 6. Nf3 c5 7. d5 e6 8. Be2 exd5
9. cxd5 Bg4 10. O-O Nfd7 11. h3 Bxf3 12. Bxf3 Na6 13. Be3 Qa5 14. Qb3 Rab8 15.
Nb5 Qb6 16. Qa4 Rfd8 17. Rab1 Nc7 18. Nxc7 Qxc7 19. Qc2 b5 20. Rfc1 a5 21. b3
Re8 22. Bf2 Qd8 23. g4 g5 24. f5 Be5 25. Be3 Bf6 26. Qd2 Ne5 27. Be2 h6 28. Kg2
Kg7 29. a4 bxa4 30. bxa4 Rb4 31. Rxb4 axb4 32. Bb5 Rh8 33. Qd1 Qc7 34. Qe2 Rc8
35. Ba6 Rb8 36. Bb5 Ra8 37. Qf1 Qe7 38. Qe2 c4 39. Bxc4 Rxa4 40. Rb1 b3 41.
Bxb3 Rxe4 42. Bc2 Nxg4 43. Bxe4 Qxe4+ 44. Qf3 Nxe3+ 45. Kf2 Qxb1 46. Kxe3 0-1